| 000 | 00779nam a2200217Ia 4500 | ||
|---|---|---|---|
| 003 | GCL | ||
| 008 | 140319s9999 xx 000 0 ara d | ||
| 040 |
_aGCL / _cGCL |
||
| 082 | 0 | 4 |
_a370.733 _bس ج |
| 100 | 1 | _aسلمان الداود الصباح | |
| 245 | 1 | 0 |
_aالجامعات المفتوحة فى العالم - فى الكويت وفى دول مجلس التعاون لدول الخليج العربى / _cسلمان الداود الصباح |
| 700 | 1 | _aزهير منصور المزيدى | |
| 260 |
_a[S.N] : _bادارة التاليف والترجمة والنشر ، _c1988 |
||
| 300 | _a256 | ||
| 490 | _a | ||
| 650 | 0 | 4 | _aالكويت |
| 650 | 0 | 4 | _aالتعليم |
| 650 | 0 | 4 | _aالتعليم العالى |
| 650 | 0 | 4 | _aالجامعات |
| 942 |
_2ddc _cBK |
||
| 999 |
_c30782 _d30782 |
||